000 00811nam a2200241Ia 4500
003 OSt
005 20220923221052.0
006 a|||||r|||| 00| 0
007 ta
008 220922b |||||||| |||| 00| 0 hin d
024 _a194,566
037 _cTextual
040 _aARTS
_cARTS
_bhin
041 _2hin
_ahin
082 _aO152,3:g(V2:51), M7
100 _aहेमराज, निर्मम
245 0 _aहिन्दी कथा साहित्य में भारत विभाजन
246 _aHindī kathā sāhitya mean bhārat vibhājana
260 _aदिल्ली
_b संजय प्रका0
_c1987
300 _a246पृ.
_ccm.
942 _hO152,3:g(V2:51), M7
_cTEXL
_2CC
999 _c346830
_d346830